| Tag |
First Indicator |
Second Indicator |
Subfields |
| LEADER |
00000cam a2200000 4500 |
| 001 |
in00000058540 |
| 005 |
20151007082342.0 |
| 008 |
750425s1949 eng u |
| 010 |
|
|
|a 49007212
|
| 035 |
|
|
|a (OCoLC)01298534
|
| 035 |
|
|
|9 AAF7741AM
|
| 040 |
|
|
|c CIN
|d TXA
|d UtOrBLW
|
| 049 |
|
|
|a TXAM
|c 1 [163810]
|
| 050 |
0 |
0 |
|a D840
|b .A72
|
| 082 |
0 |
|
|a 321.8
|
| 092 |
|
|
|a 321.8
|b A815p
|
| 100 |
1 |
|
|a Ascoli, Max,
|d 1888-
|
| 245 |
1 |
4 |
|a The power of freedom.
|
| 264 |
|
1 |
|a New York :
|b Farrar, Straus,
|c [1949]
|
| 264 |
|
4 |
|c [©1949]
|
| 300 |
|
|
|a xiii, 173 pages ;
|c 21 cm.
|
| 336 |
|
|
|a text
|b txt
|2 rdacontent
|
| 337 |
|
|
|a unmediated
|b n
|2 rdamedia
|
| 338 |
|
|
|a volume
|b nc
|2 rdacarrier
|
| 650 |
|
0 |
|a World politics.
|
| 999 |
|
|
|a MARS
|
| 999 |
f |
f |
|s 7d8c8f70-9eeb-37a3-908d-efdaf1ba05f4
|i d02cc90a-9488-39f8-949e-3e41b69e852e
|t 0
|
| 952 |
f |
f |
|p ric
|a Texas A&M University
|b Rellis Campus
|c Joint Library Facility
|d Remote Storage
|t 0
|e D840 .A72
|h Library of Congress classification
|i unmediated -- volume
|m A14800662728
|
| 998 |
f |
f |
|a D840 .A72
|t 0
|l Remote Storage
|